000 01310nam0a2200337 4500
001 RU\NLR\BIBL_A\010205338
005 201411240503
010 _a978-5-389-06676-2
_95000
021 _aRU
_bКН-П-18-022656
_9КН-П-18-1647
035 _a(NLR Aleph) 010205338
035 _a(NILC)RuMoRGB-006729178
090 _a10248830
_c10248830
100 _a20140311d2014 d y0rusy50 ca
101 1 _arus
_cita
102 _aRU
105 _aa|||z||||00ay
200 1 _aАгата Мистери
_iБенгальская жемчужина
_e[роман
_eдля детей среднего школьного возраста]
_fСтив Стивенсон
_g[пер. с итал. Екатерины Даровской]
_gил. Стефано Туркони
210 _aСанкт-Петербург
_cАзбука
_cАзбука-Аттикус
_d2014
215 _a123, [3] с .
_cил.
_d22
225 1 _aСерия "Девочка-детектив"
686 0 _aШ9(4Ит)62-4
700 1 _aСтивенсон
_bС.
_gСтив
702 1 _aТуркони
_bС.
_gСтефано
_4440
801 0 _aRU
_bРГБ
_c20140129
_gRCR
942 _cBOOK
980 _aNBR
980 _aNB